[Event "Chigorin Memorial"]
[Site "St Petersburg"]
[Date "2016.10.20"]
[Round "6.93"]
[White "Nasibullin, Iskander"]
[Black "Bykov, Egor"]
[Result "0-1"]
[WhiteElo "2085"]
[BlackElo "2292"]
[PlyCount "72"]
[EventDate "2016.10.15"]
[EventType "swiss"]
[EventRounds "9"]
[EventCountry "RUS"]

1. e4 e5 2. Nf3 Nc6 3. Bb5 a6 4. Ba4 Nf6 5. d3 b5 6. Bb3 Be7 7. O-O O-O 8. Re1
d6 9. c3 Re8 10. d4 exd4 11. cxd4 Bg4 12. Be3 Na5 13. Bc2 c5 14. Nbd2 Nc6 15.
d5 Ne5 16. h3 Bxf3 17. Nxf3 Nc4 18. Bc1 Nd7 19. b3 Bf6 20. Rb1 Ncb6 21. Bf4 Ne5
22. Nxe5 Bxe5 23. Be3 b4 24. f4 Bc3 25. Rf1 f5 26. e5 dxe5 27. Bxc5 e4 28. Qe2
Rc8 29. Bxb6 Qxb6+ 30. Kh1 Red8 31. Rbd1 Bd4 32. g4 Rc3 33. gxf5 Qh6 34. Qg4
Rxh3+ 35. Kg2 Rh2+ 36. Kg3 Rxc2 0-1

[Event "Chigorin Memorial"]
[Site "St Petersburg"]
[Date "2016.10.20"]
[Round "6.94"]
[White "Slugin, Yaroslav"]
[Black "Srinath, Rao S.V"]
[Result "0-1"]
[WhiteElo "2081"]
[BlackElo "2279"]
[PlyCount "44"]
[EventDate "2016.10.15"]
[EventType "swiss"]
[EventRounds "9"]
[EventCountry "RUS"]

1. d4 Nf6 2. Nf3 g6 3. Bg5 Bg7 4. Nbd2 O-O 5. e4 d5 6. e5 Ne4 7. Bh4 c5 8. c3
Nc6 9. Be2 Qb6 10. Qb3 Nxd2 11. Kxd2 cxd4 12. cxd4 Nxd4 13. Qxb6 Nxf3+ 14. Bxf3
axb6 15. Bxe7 Re8 16. Bd6 Bf5 17. Rhe1 Rac8 18. Bd1 Bh6+ 19. Ke2 d4 20. Ba4 d3+
21. Kd1 d2 22. Rg1 Bd3 0-1

[Event "Chigorin Memorial"]
[Site "St Petersburg"]
[Date "2016.10.20"]
[Round "6.95"]
[White "Amina, Battsooj"]
[Black "Utiatskaja, Irina"]
[Result "0-1"]
[WhiteElo "2274"]
[BlackElo "2123"]
[PlyCount "84"]
[EventDate "2016.10.15"]
[EventType "swiss"]
[EventRounds "9"]
[EventCountry "RUS"]

1. e4 c5 2. Nf3 d6 3. d4 cxd4 4. Nxd4 Nf6 5. Nc3 a6 6. Bg5 Nbd7 7. f4 Qc7 8.
Qf3 b5 9. Bxf6 Nxf6 10. e5 Bb7 11. exd6 Qb6 12. Qe3 O-O-O 13. O-O-O e6 14. Be2
Rxd6 15. Bf3 Be7 16. Bxb7+ Kxb7 17. f5 Rhd8 18. Nce2 Ka7 19. fxe6 fxe6 20. Qg3
g6 21. Rhf1 Ne4 22. Qe5 Bg5+ 23. Kb1 Nd2+ 24. Ka1 Nxf1 25. Qxg5 Rd5 26. Qh6 e5
27. Rxf1 exd4 28. Qxh7+ R5d7 29. Qh4 d3 30. cxd3 Rxd3 31. Nc3 b4 32. Nb1 R8d7
33. Qg4 a5 34. a3 R3d4 35. Qg5 R4d5 36. Qg4 g5 37. h4 gxh4 38. Qxh4 Qd4 39. Qh6
bxa3 40. Nxa3 Rb7 41. Rb1 Re5 42. Qh8 Rxb2 0-1

[Event "Chigorin Memorial"]
[Site "St Petersburg"]
[Date "2016.10.20"]
[Round "6.96"]
[White "Lazhevskaya, Zhanni"]
[Black "Danielyan, Vahe"]
[Result "1-0"]
[WhiteElo "2065"]
[BlackElo "2270"]
[PlyCount "151"]
[EventDate "2016.10.15"]
[EventType "swiss"]
[EventRounds "9"]
[EventCountry "RUS"]

1. e4 e5 2. Nf3 Nc6 3. Bb5 Nf6 4. O-O Nxe4 5. d4 Nd6 6. Bxc6 dxc6 7. dxe5 Nf5
8. Qe2 Nd4 9. Nxd4 Qxd4 10. h3 Be6 11. Rd1 Qh4 12. b3 Bc5 13. Ba3 Qe7 14. Bxc5
Qxc5 15. c4 O-O 16. Nd2 Rae8 17. Re1 a5 18. Qe3 Qxe3 19. Rxe3 Rd8 20. Ne4 Rfe8
21. f4 b6 22. Kf2 a4 23. Rae1 c5 24. Nc3 Rd4 25. Re4 axb3 26. axb3 Rd7 27. Ra1
h5 28. Ra7 Red8 29. Nb5 Bf5 30. Re2 Rc8 31. Kf3 h4 32. Re3 Kf8 33. g4 hxg3 34.
Kxg3 g6 35. h4 Kg7 36. Nc3 Be6 37. Ne4 Rcd8 38. Ng5 Bf5 39. e6 Rd3 40. Kf3 fxe6
41. Rxc7+ Kg8 42. Ne4 R8d4 43. Nf6+ Kf8 44. Rxd3 Rxd3+ 45. Ke2 Rxb3 46. Rd7 g5
47. fxg5 e5 48. Rb7 e4 49. h5 Rg3 50. g6 Be6 51. Nxe4 Bg4+ 52. Kd2 Rg2+ 53. Ke3
Bxh5 54. Rf7+ Ke8 55. Nf6+ Kd8 56. Rd7+ Kc8 57. g7 Be2 58. Rd2 Rxg7 59. Kxe2
Rg3 60. Rd3 Rg2+ 61. Ke3 Rc2 62. Nd5 Kb7 63. Nc3 Ka6 64. Ne4 Ka5 65. Nd6 Kb4
66. Ke4 b5 67. cxb5 c4 68. Rd4 Kc5 69. Rd5+ Kb6 70. Kd4 c3 71. Ne4 Rb2 72. Nxc3
Rb4+ 73. Kd3 Rg4 74. Rd4 Rg3+ 75. Kc4 Ka5 76. Nd5 1-0

[Event "Chigorin Memorial"]
[Site "St Petersburg"]
[Date "2016.10.20"]
[Round "6.97"]
[White "Ovchinnikov, Vsevolod"]
[Black "Navrodskiy, Boris"]
[Result "1-0"]
[WhiteElo "2263"]
[BlackElo "2099"]
[PlyCount "61"]
[EventDate "2016.10.15"]
[EventType "swiss"]
[EventRounds "9"]
[EventCountry "RUS"]

1. d4 d5 2. c4 e6 3. Nf3 Nf6 4. g3 dxc4 5. Bg2 Nc6 6. Qa4 Bb4+ 7. Bd2 Nd5 8.
Bxb4 Ndxb4 9. O-O Rb8 10. Nc3 O-O 11. a3 Nd5 12. Qxc4 Na5 13. Qd3 b5 14. e4
Nxc3 15. Qxc3 Nc4 16. a4 a6 17. b3 Nd6 18. Ne5 Bb7 19. Nc6 Bxc6 20. Qxc6 bxa4
21. bxa4 Rb6 22. Qc5 Qd7 23. Rfc1 Rc8 24. a5 Nb7 25. Qc3 Rb5 26. Bf1 Nd6 27.
Bxb5 Nxb5 28. Qc6 Qxc6 29. Rxc6 Nxd4 30. Rxa6 c5 31. Rb6 1-0

[Event "Chigorin Memorial"]
[Site "St Petersburg"]
[Date "2016.10.20"]
[Round "6.98"]
[White "Guzenko, Artem"]
[Black "Malinovsky, Ilya"]
[Result "0-1"]
[WhiteElo "2261"]
[BlackElo "2053"]
[PlyCount "38"]
[EventDate "2016.10.15"]
[EventType "swiss"]
[EventRounds "9"]
[EventCountry "RUS"]

1. e4 e6 2. d4 d5 3. e5 c5 4. c3 Nc6 5. Nf3 Bd7 6. a3 f6 7. b4 fxe5 8. b5 Nxd4
9. cxd4 exd4 10. Ne5 Nf6 11. Nd2 Qa5 12. Qe2 Bd6 13. g3 Bxe5 14. Qxe5 O-O 15.
Rb1 Ne4 16. Bh3 Rxf2 17. Bxe6+ Bxe6 18. Qxe6+ Kh8 19. Qxd5 Re2+ 0-1

[Event "Chigorin Memorial"]
[Site "St Petersburg"]
[Date "2016.10.20"]
[Round "6.99"]
[White "Kulagin, Sergey"]
[Black "Egorov, Pavel"]
[Result "0-1"]
[WhiteElo "2054"]
[BlackElo "2257"]
[PlyCount "86"]
[EventDate "2016.10.15"]
[EventType "swiss"]
[EventRounds "9"]
[EventCountry "RUS"]

1. e4 c5 2. Nf3 Nf6 3. e5 Nd5 4. Nc3 e6 5. Bc4 Nb6 6. d3 d5 7. exd6 Bxd6 8. Bb3
O-O 9. O-O Nc6 10. Bg5 f6 11. Bh4 Na5 12. Bg3 Bxg3 13. hxg3 Nxb3 14. axb3 e5
15. Nd2 Be6 16. Nde4 Qe7 17. Ra5 Nd7 18. Qe2 f5 19. Nd2 f4 20. Nde4 a6 21. Raa1
b5 22. Rfe1 b4 23. Na4 Rac8 24. gxf4 Rxf4 25. Qe3 Rg4 26. c3 Bxb3 27. d4 cxd4
28. cxd4 Bd5 29. f3 Rg6 30. Nec5 Nxc5 31. Nxc5 Qg5 32. Qxg5 Rxg5 33. Ne4 Bxe4
34. Rxe4 Rc2 35. g4 exd4 36. Rxa6 Rd5 37. Ra7 h5 38. Ree7 Rg5 39. Red7 Rxb2 40.
Rxd4 Rc5 41. Rad7 b3 42. gxh5 Rc1+ 43. Rd1 Rbb1 0-1

[Event "Chigorin Memorial"]
[Site "St Petersburg"]
[Date "2016.10.20"]
[Round "6.100"]
[White "Zubova, Mariya"]
[Black "Khalafova, Narmin"]
[Result "0-1"]
[WhiteElo "2051"]
[BlackElo "2256"]
[PlyCount "182"]
[EventDate "2016.10.15"]
[EventType "swiss"]
[EventRounds "9"]
[EventCountry "RUS"]

1. e4 c5 2. c3 d6 3. d4 Nf6 4. Bd3 g6 5. h3 Bg7 6. Nf3 O-O 7. O-O Nfd7 8. Be3
Nc6 9. Nbd2 b6 10. Qe2 a6 11. a4 Bb7 12. d5 Nce5 13. Nxe5 Nxe5 14. Bc2 e6 15.
Bb3 exd5 16. Bxd5 Bxd5 17. exd5 f5 18. Nf3 Nf7 19. Qd2 Bf6 20. g3 Re8 21. h4
Qd7 22. Kg2 Re4 23. a5 b5 24. Bg5 Bg7 25. Rfe1 Rae8 26. Bf4 b4 27. c4 Rxe1 28.
Nxe1 Re4 29. Nf3 Qe8 30. Be3 Rxc4 31. Re1 Re4 32. Qe2 Qa8 33. Rd1 Re8 34. b3
Bh6 35. Rd3 Qd8 36. Qd2 Bg7 37. Qa2 Bf6 38. Qa4 Qe7 39. Bxc5 dxc5 40. Re3 Be5
41. Nxe5 Nxe5 42. f4 Qd8 43. Rxe5 Rxe5 44. fxe5 Qxd5+ 45. Kh2 Kf7 46. Qa2 Qxe5
47. Qd2 Qd4 48. Qg2 Qe4 49. Qf2 Qd5 50. Qf4 Qc6 51. Qc4+ Kg7 52. Qe2 Qd6 53.
Qb2+ Qf6 54. Qe2 f4 55. gxf4 Qxh4+ 56. Kg2 Qf6 57. Qe4 h5 58. Qb7+ Kh6 59. Qc8
Qb2+ 60. Kh1 Qf6 61. Qxc5 Qxf4 62. Qb6 Qf3+ 63. Kg1 Qd1+ 64. Kh2 Qxb3 65. Qxa6
Qc2+ 66. Kg3 b3 67. Qf6 Qc7+ 68. Kh3 Qxa5 69. Qf8+ Kg5 70. Qe7+ Kf4 71. Qh4+
Kf5 72. Qf2+ Ke5 73. Qe3+ Kf6 74. Qxb3 Qf5+ 75. Kh2 Qf4+ 76. Kg2 Qe4+ 77. Kh2
Qe5+ 78. Kg2 g5 79. Qf3+ Kg6 80. Qd3+ Qf5 81. Qd8 Qe4+ 82. Kh2 h4 83. Qg8+ Kh5
84. Qf7+ Kg4 85. Qd7+ Kf4 86. Qf7+ Ke3 87. Qb3+ Kf2 88. Qb6+ Qe3 89. Qb2+ Qe2
90. Qf6+ Ke3+ 91. Kg1 Qe1+ 0-1

[Event "Chigorin Memorial"]
[Site "St Petersburg"]
[Date "2016.10.20"]
[Round "6.101"]
[White "Melnikov, Dmitry"]
[Black "Fukson, Sofija"]
[Result "0-1"]
[WhiteElo "2254"]
[BlackElo "2069"]
[PlyCount "128"]
[EventDate "2016.10.15"]
[EventType "swiss"]
[EventRounds "9"]
[EventCountry "RUS"]

1. f4 e6 2. Nf3 d5 3. g3 f5 4. Bg2 Nf6 5. O-O b6 6. c4 Bc5+ 7. e3 O-O 8. Ne5
Bb7 9. b3 Qe7 10. Bb2 Nbd7 11. Qe2 Bd6 12. Nxd7 Qxd7 13. Be5 Be7 14. Nc3 c5 15.
cxd5 exd5 16. d4 Ne4 17. Nxe4 dxe4 18. Rfd1 Qe6 19. Bf1 Bd5 20. Qa6 Rac8 21.
Rac1 Rfd8 22. Bb5 h6 23. Kh1 Kh7 24. Qa4 a6 25. Bxa6 Ra8 26. Qb5 Ra7 27. Qe2
Rda8 28. Bc4 Rxa2 29. Rc2 Rxc2 30. Qxc2 Rd8 31. Qc3 b5 32. Bxb5 Bxb3 33. d5
Bxd5 34. Bxg7 Rb8 35. Ba4 Bb3 36. Rb1 c4 37. Be5 Rb4 38. Bxb3 Rxb3 39. Rxb3
cxb3 40. h3 Qd5 41. Bd4 Qb5 42. Qc7 Qf1+ 43. Kh2 Qe2+ 44. Kh1 Qd1+ 45. Kg2 Qc2+
46. Qxc2 bxc2 47. Bb2 Kg6 48. g4 Bb4 49. Bc1 Bc3 50. Kg3 Be1+ 51. Kg2 h5 52.
gxh5+ Kxh5 53. Kf1 Bc3 54. Kf2 Kg6 55. Kg3 Be1+ 56. Kg2 Kf7 57. Kf1 Bc3 58. Ke2
Ke6 59. Kf2 Kd5 60. Ke2 Kc4 61. h4 Kb3 62. h5 Ka2 63. h6 Kb1 64. Ba3 c1=Q 0-1

[Event "Chigorin Memorial"]
[Site "St Petersburg"]
[Date "2016.10.20"]
[Round "6.102"]
[White "Rakhmangulova, Anastasiya"]
[Black "Tsvetkov, Andrey"]
[Result "1-0"]
[WhiteElo "2251"]
[BlackElo "1992"]
[PlyCount "77"]
[EventDate "2016.10.15"]
[EventType "swiss"]
[EventRounds "9"]
[EventCountry "RUS"]

1. d4 d5 2. Nf3 Nf6 3. Bg5 Nbd7 4. e3 e6 5. Bd3 Bd6 6. Nbd2 O-O 7. c3 c5 8. Qc2
h6 9. h4 e5 10. dxe5 Nxe5 11. Nxe5 Bxe5 12. Nf3 Bd6 13. O-O-O Qe7 14. Bh7+ Kh8
15. Bf5 Bxf5 16. Qxf5 Qe4 17. Qh3 Ne8 18. Nd2 Qa4 19. Kb1 f6 20. Bf4 Bxf4 21.
Qg4 Qc6 22. Qxf4 Nd6 23. g4 Rae8 24. Qg3 d4 25. exd4 cxd4 26. cxd4 Re2 27. Qd3
Rxf2 28. g5 h5 29. d5 Qa4 30. g6 Rd8 31. Rhe1 Rg2 32. Ne4 Nxe4 33. Qxe4 Rg4 34.
Qc2 b5 35. d6 Rc4 36. Qd3 Rcc8 37. Re7 Qg4 38. d7 Rb8 39. Rde1 1-0

[Event "Chigorin Memorial"]
[Site "St Petersburg"]
[Date "2016.10.20"]
[Round "6.103"]
[White "Kolesnikova, Kristina"]
[Black "Markovic, Vojislav"]
[Result "1/2-1/2"]
[WhiteElo "2012"]
[BlackElo "2233"]
[PlyCount "82"]
[EventDate "2016.10.15"]
[EventType "swiss"]
[EventRounds "9"]
[EventCountry "RUS"]

1. d4 Nf6 2. c4 g6 3. Nc3 Bg7 4. e4 O-O 5. Be2 d6 6. Bg5 c5 7. d5 e5 8. Qd2 Qa5
9. a4 a6 10. Ra3 Nbd7 11. Qc2 h6 12. Bd2 Qd8 13. a5 Rb8 14. Na4 Qe7 15. Rb3 Re8
16. g4 Nh7 17. h4 Ndf8 18. Nb6 g5 19. h5 Bd7 20. Bd1 Red8 21. f3 Be8 22. Ne2
Nd7 23. Ra3 Nxb6 24. axb6 Nf8 25. Qd3 Rdc8 26. Ba4 Bxa4 27. Rxa4 Nd7 28. Ba5
Qe8 29. Ra3 Bf6 30. Ng3 Bd8 31. Nf5 Qf8 32. Rb3 Kh7 33. Qb1 Be7 34. Qa1 Qe8 35.
Qb1 Bf8 36. Rh2 Qd8 37. Re2 Kg8 38. Kf2 Kh7 39. Re1 Kh8 40. Re2 Kh7 41. Re1 Kh8
1/2-1/2

[Event "Chigorin Memorial"]
[Site "St Petersburg"]
[Date "2016.10.20"]
[Round "6.104"]
[White "Kaganskiy, Gleb"]
[Black "Lepaev, Andrey"]
[Result "0-1"]
[WhiteElo "2226"]
[BlackElo "1935"]
[PlyCount "76"]
[EventDate "2016.10.15"]
[EventType "swiss"]
[EventRounds "9"]
[EventCountry "RUS"]

1. a3 g6 2. d4 d5 3. Nf3 Nf6 4. e3 Bg7 5. c4 e6 6. Nc3 O-O 7. Bd3 dxc4 8. Bxc4
a6 9. O-O b5 10. Ba2 Bb7 11. Re1 Ne4 12. Qc2 Nxc3 13. bxc3 c5 14. Qe2 cxd4 15.
cxd4 Nc6 16. Bb2 Qb6 17. Nd2 Na5 18. Rec1 Rac8 19. Bc3 Rfd8 20. Bb4 Bf8 21. Nb3
Nxb3 22. Bxb3 Rc6 23. Qd2 Rdc8 24. f3 Rxc1+ 25. Rxc1 Rxc1+ 26. Qxc1 a5 27. Bxf8
Kxf8 28. Qb2 b4 29. Kf2 Qd6 30. axb4 Qxb4 31. Qc2 Kg7 32. Ba4 Ba6 33. Bc6 Bc4
34. Qe4 f6 35. Qf4 Qd2+ 36. Kg3 Qe1+ 37. Kh3 g5 38. Qe4 Bd3 0-1

[Event "Chigorin Memorial"]
[Site "St Petersburg"]
[Date "2016.10.20"]
[Round "6.105"]
[White "Aseeva, Anastasia"]
[Black "Artamonov, Valery"]
[Result "1/2-1/2"]
[WhiteElo "1969"]
[BlackElo "2223"]
[PlyCount "123"]
[EventDate "2016.10.15"]
[EventType "swiss"]
[EventRounds "9"]
[EventCountry "RUS"]

1. d4 Nf6 2. Nf3 c5 3. d5 b5 4. Bg5 Bb7 5. Bxf6 exf6 6. e4 a6 7. a4 b4 8. a5 d6
9. Nbd2 Nd7 10. Nc4 Be7 11. Be2 O-O 12. O-O Re8 13. Nfd2 f5 14. f3 Bf8 15. c3
Rb8 16. Bd3 g6 17. Qc2 f4 18. Rfe1 Qh4 19. Nf1 Qf6 20. Rec1 h5 21. Qa4 Re7 22.
Nfd2 Bg7 23. Bf1 Ba8 24. Nb6 Nxb6 25. axb6 Rxb6 26. Nc4 Rb8 27. Qxa6 Rd8 28.
Qa5 Ree8 29. Qc7 Bf8 30. Nb6 Qe7 31. Qxe7 Bxe7 32. Bb5 Rf8 33. Ra7 bxc3 34.
bxc3 Bh4 35. Nd7 Rfe8 36. Rca1 Bxd5 37. exd5 Re3 38. Ra8 Rxa8 39. Rxa8+ Kg7 40.
Ra6 Rxc3 41. Rxd6 c4 42. Kf1 Re3 43. g3 fxg3 44. hxg3 Bxg3 45. Rc6 h4 46. Rxc4
Rxf3+ 47. Kg1 h3 48. Rc1 g5 49. Be2 Rf2 50. Bf1 g4 51. Nc5 Rf5 52. Ne4 Bf4 53.
Rd1 Re5 54. Nc3 Rh5 55. d6 g3 56. d7 g2 57. Bxg2 Be3+ 58. Kh1 hxg2+ 59. Kxg2
Bb6 60. d8=Q Bxd8 61. Rxd8 Re5 62. Nd5 1/2-1/2

[Event "Chigorin Memorial"]
[Site "St Petersburg"]
[Date "2016.10.20"]
[Round "6.106"]
[White "Tskhadadze, Anna"]
[Black "Paramzina, Anastasya"]
[Result "1-0"]
[WhiteElo "1955"]
[BlackElo "2221"]
[PlyCount "101"]
[EventDate "2016.10.15"]
[EventType "swiss"]
[EventRounds "9"]
[EventCountry "RUS"]

1. d4 Nf6 2. Nf3 d5 3. Bf4 e6 4. e3 Be7 5. h3 O-O 6. Bd3 c5 7. c3 c4 8. Bc2 b5
9. Nbd2 Bb7 10. O-O Nbd7 11. Qe2 Nb6 12. Ne5 a5 13. a3 Bd6 14. Bg5 h6 15. Bh4
Be7 16. f4 Nc8 17. g4 Nd6 18. Rf2 b4 19. Rg2 bxc3 20. bxc3 Nd7 21. Bxe7 Qxe7
22. Nxd7 Qxd7 23. g5 g6 24. gxh6 Qe7 25. Nf3 Nb5 26. Qe1 Nxa3 27. Rxa3 Qxa3 28.
Qh4 f6 29. Qg4 Kf7 30. Qxg6+ Ke7 31. h7 Qxc3 32. Qg7+ Rf7 33. Qg4 Qxe3+ 34. Kh2
Kd6 35. Nh4 f5 36. Bxf5 Qxd4 37. Bxe6 Rxf4 38. Nf5+ Kc5 39. Nxd4 Rxg4 40. Rxg4
Rh8 41. Bf5 c3 42. Ne6+ Kb5 43. Rg8 Rxh7 44. Bxh7 Kc4 45. Rb8 Ba6 46. Nc7 d4
47. Nxa6 d3 48. Bxd3+ Kxd3 49. Nc5+ Ke2 50. Nb3 a4 51. Na1 1-0

[Event "Chigorin Memorial"]
[Site "St Petersburg"]
[Date "2016.10.20"]
[Round "6.107"]
[White "Shinkevich, Maksim"]
[Black "Obgolts, Erik"]
[Result "0-1"]
[WhiteElo "1938"]
[BlackElo "2217"]
[PlyCount "54"]
[EventDate "2016.10.15"]
[EventType "swiss"]
[EventRounds "9"]
[EventCountry "RUS"]

1. d4 Nf6 2. c4 g6 3. Nc3 Bg7 4. e4 d6 5. f3 O-O 6. Be3 Na6 7. Qd2 c5 8. d5 Nc7
9. Nge2 b5 10. cxb5 a6 11. b6 Nb5 12. Rb1 Nd7 13. Nxb5 axb5 14. b4 Nxb6 15.
bxc5 Nc4 16. Qd3 Qa5+ 17. Kf2 Nxe3 18. Qxe3 Qxa2 19. Rxb5 Ba6 20. Rb6 dxc5 21.
Qxc5 Qa1 22. Rxa6 Rxa6 23. Qxe7 Ra2 24. d6 Bd4+ 25. Kg3 Bf6 26. Qc7 Rxe2 27.
Bxe2 Qxh1 0-1

[Event "Chigorin Memorial"]
[Site "St Petersburg"]
[Date "2016.10.20"]
[Round "6.108"]
[White "Zakharov, Yuri"]
[Black "Reshetnikov, Ruslan"]
[Result "0-1"]
[WhiteElo "1689"]
[BlackElo "2196"]
[PlyCount "74"]
[EventDate "2016.10.15"]
[EventType "swiss"]
[EventRounds "9"]
[EventCountry "RUS"]

1. Nf3 Nf6 2. g3 g6 3. Bg2 Bg7 4. d4 O-O 5. c3 d6 6. O-O c5 7. Qb3 Nc6 8. Bg5
Qc7 9. Bxf6 Bxf6 10. e3 b6 11. Nbd2 Bb7 12. Rac1 a6 13. Ne4 Bg7 14. Neg5 h6 15.
Ne4 Kh7 16. Ned2 e5 17. Qc2 b5 18. d5 Ne7 19. e4 f5 20. Nh4 f4 21. Bh3 Bf6 22.
Nhf3 h5 23. Be6 g5 24. g4 Bc8 25. Bxc8 Qxc8 26. gxh5 Qg4+ 27. Kh1 Qxh5 28. Ng1
g4 29. f3 g3 30. h3 Rg8 31. Kg2 Ng6 32. Rfd1 c4 33. b3 cxb3 34. axb3 Bd8 35.
Qd3 Bb6 36. Ne2 Be3 37. Ng1 Qg5 0-1

[Event "Chigorin Memorial"]
[Site "St Petersburg"]
[Date "2016.10.20"]
[Round "6.110"]
[White "Grinblat, Artemiy"]
[Black "Basyrov, Eduard"]
[Result "1-0"]
[WhiteElo "2241"]
[BlackElo "2001"]
[PlyCount "103"]
[EventDate "2016.10.15"]
[EventType "swiss"]
[EventRounds "9"]
[EventCountry "RUS"]

1. e4 d6 2. d4 g6 3. g3 Bg7 4. Bg2 Nf6 5. Ne2 O-O 6. h3 c5 7. Nbc3 cxd4 8. Nxd4
Qb6 9. Nb3 Bd7 10. O-O Na6 11. Be3 Qc7 12. Bg5 Bc6 13. Nd4 Rab8 14. Qd2 Nc5 15.
Nxc6 bxc6 16. Rab1 Rfe8 17. Be3 Ne6 18. f4 Nd7 19. Qf2 c5 20. Nd5 Qa5 21. c3
Qxa2 22. f5 Nd8 23. Bg5 f6 24. e5 Nxe5 25. Nc7 Ndf7 26. Bd5 Qa5 27. Nxe8 Rxe8
28. fxg6 hxg6 29. Be3 e6 30. Bg2 f5 31. b4 cxb4 32. cxb4 Qb5 33. Bxa7 Nc6 34.
Bxc6 Qxc6 35. b5 Qb7 36. Qb6 Qd5 37. Qc6 Bd4+ 38. Bxd4 Qxd4+ 39. Kg2 Rb8 40.
Rfd1 Qe3 41. Re1 Qd2+ 42. Kh1 Ng5 43. Rbd1 Qf2 44. Qxd6 Qf3+ 45. Kg1 Rc8 46.
Rxe6 Kh7 47. Re7+ Kh6 48. h4 Nh3+ 49. Kh2 Rc2+ 50. Rd2 Nf2 51. Qxg6+ Kxg6 52.
Rd6+ 1-0

[Event "Chigorin Memorial"]
[Site "St Petersburg"]
[Date "2016.10.20"]
[Round "6.111"]
[White "Orlov, Konstantin"]
[Black "Pavlova, Natalia"]
[Result "1-0"]
[WhiteElo "2222"]
[BlackElo "1990"]
[PlyCount "99"]
[EventDate "2016.10.15"]
[EventType "swiss"]
[EventRounds "9"]
[EventCountry "RUS"]

1. d4 d5 2. c4 c6 3. Nf3 Nf6 4. Nc3 e6 5. e3 Nbd7 6. Be2 dxc4 7. Bxc4 b5 8. Bd3
a6 9. O-O c5 10. Re1 Be7 11. a4 b4 12. Nb1 O-O 13. Nbd2 Bb7 14. Nc4 Nb6 15. Na5
Qc7 16. Nxb7 Qxb7 17. a5 Nc8 18. e4 cxd4 19. e5 Nd5 20. Nxd4 Bc5 21. Nb3 Ba7
22. Qh5 g6 23. Qh6 f6 24. exf6 Rxf6 25. Re2 Nd6 26. Bg5 Nf7 27. Qh4 Nxg5 28.
Qxg5 Raf8 29. Kh1 Bxf2 30. Nd2 Bd4 31. Nf3 Qf7 32. Bc4 Kg7 33. h3 Rxf3 34. gxf3
Nf4 35. Bxe6 Nxe6 36. Qd5 Rd8 37. Qxe6 Qxf3+ 38. Kh2 Qf4+ 39. Kg2 Rf8 40. Qg4
Qf6 41. Rd1 Bxb2 42. Kh1 Bc3 43. Re6 Qf2 44. Re2 Qc5 45. Re6 Qxa5 46. Rd7+ Rf7
47. Rxf7+ Kxf7 48. Re4 Qd5 49. Qf3+ Bf6 50. Re7+ 1-0

[Event "Chigorin Memorial"]
[Site "St Petersburg"]
[Date "2016.10.20"]
[Round "6.112"]
[White "Nebolsina, Vera"]
[Black "Lingur, Zalina"]
[Result "1-0"]
[WhiteElo "2219"]
[BlackElo "1986"]
[PlyCount "91"]
[EventDate "2016.10.15"]
[EventType "swiss"]
[EventRounds "9"]
[EventCountry "RUS"]

1. Nf3 c5 2. c4 Nc6 3. g3 g6 4. Bg2 Bg7 5. Nc3 e5 6. d3 Nge7 7. Nd2 d6 8. Nf1
O-O 9. Ne3 Rb8 10. Rb1 a6 11. b3 Be6 12. Bb2 Qd7 13. Ncd5 b5 14. O-O Bh3 15.
Qd2 Bxg2 16. Kxg2 Nd4 17. Nxe7+ Qxe7 18. Nd5 Qb7 19. Bxd4 exd4 20. Qf4 Be5 21.
Qh6 f5 22. e3 Rbe8 23. exd4 Bxd4 24. Qf4 Be5 25. Qf3 Rf7 26. Rfe1 Ref8 27. b4
Bd4 28. a4 Qd7 29. bxc5 dxc5 30. axb5 a5 31. b6 Rb8 32. Rb5 a4 33. Ra5 Kg7 34.
Ra7 Rb7 35. Ra8 f4 36. g4 h5 37. h3 h4 38. Ree8 a3 39. Qe4 f3+ 40. Kh1 Kh7 41.
Re6 Rg7 42. g5 Rg8 43. Rxa3 Qc8 44. Ra7 Rgg7 45. Rxb7 Qxb7 46. Qxd4 1-0

[Event "Chigorin Memorial"]
[Site "St Petersburg"]
[Date "2016.10.20"]
[Round "6.113"]
[White "Badelka, Olga"]
[Black "Schetchikov, Vladimir"]
[Result "1-0"]
[WhiteElo "2209"]
[BlackElo "1967"]
[PlyCount "67"]
[EventDate "2016.10.15"]
[EventType "swiss"]
[EventRounds "9"]
[EventCountry "RUS"]

1. c4 c5 2. Nc3 Nc6 3. g3 g6 4. Bg2 Bg7 5. d3 d6 6. Qd2 e6 7. Bxc6+ bxc6 8. b3
Ne7 9. Bb2 O-O 10. O-O-O a5 11. Kb1 e5 12. f4 exf4 13. gxf4 Nf5 14. h4 Bd4 15.
Nf3 Be3 16. Qe1 Bxf4 17. Ne4 f6 18. Qc3 Be5 19. Nxe5 fxe5 20. h5 gxh5 21. Rdg1+
Kh8 22. Qxe5+ dxe5 23. Bxe5+ Ng7 24. Bxg7+ Kg8 25. Bf6+ Kf7 26. Bxd8 Rxd8 27.
Rxh5 Rh8 28. Re5 h5 29. Rf1+ Kg6 30. Rg5+ Kh6 31. Rf6+ Kh7 32. Rxh5+ Kg7 33.
Rg5+ Kh7 34. Rf4 1-0

[Event "Chigorin Memorial"]
[Site "St Petersburg"]
[Date "2016.10.20"]
[Round "6.114"]
[White "Yeritsyan, Hayk"]
[Black "Grishaev, Igor"]
[Result "1-0"]
[WhiteElo "2191"]
[BlackElo "1956"]
[PlyCount "89"]
[EventDate "2016.10.15"]
[EventType "swiss"]
[EventRounds "9"]
[EventCountry "RUS"]

1. e4 c5 2. Nf3 d6 3. d4 cxd4 4. Nxd4 Nf6 5. Nc3 a6 6. Be3 e5 7. Nf3 Be7 8. Bc4
O-O 9. O-O Nc6 10. Bb3 Bg4 11. h3 Bh5 12. a4 Kh8 13. Bc4 Qd7 14. Be2 Rad8 15.
Bg5 Bg6 16. Bxf6 Bxf6 17. Nd2 Bg5 18. Bg4 f5 19. exf5 Bxf5 20. Nde4 Bh6 21. Nd5
Nd4 22. c3 Qc6 23. Bxf5 Qxd5 24. Ng3 Rxf5 25. Nxf5 Rf8 26. Ne3 Bxe3 27. fxe3
Rxf1+ 28. Qxf1 Ne6 29. Rd1 Qc6 30. Qf7 d5 31. Rxd5 Qxd5 32. Qe8+ Nf8 33. Qxf8+
Qg8 34. Qxg8+ Kxg8 35. Kf2 Kf7 36. Kf3 Ke6 37. Ke4 b5 38. axb5 axb5 39. b3 g6
40. c4 bxc4 41. bxc4 Kd6 42. c5+ Kxc5 43. Kxe5 Kc4 44. e4 Kd3 45. Kd5 1-0

[Event "Chigorin Memorial"]
[Site "St Petersburg"]
[Date "2016.10.20"]
[Round "6.115"]
[White "Khadzhiev, Valery"]
[Black "Scheglov, Dmitry"]
[Result "1-0"]
[WhiteElo "2170"]
[BlackElo "1953"]
[PlyCount "119"]
[EventDate "2016.10.15"]
[EventType "swiss"]
[EventRounds "9"]
[EventCountry "RUS"]

1. d4 Nf6 2. c4 c5 3. d5 e6 4. Nc3 exd5 5. cxd5 d6 6. e4 g6 7. Nf3 Bg7 8. Be2
O-O 9. O-O Re8 10. Nd2 a6 11. a4 Nbd7 12. a5 Rb8 13. Qc2 b5 14. axb6 Nxb6 15.
Nb3 Qe7 16. Na5 Bd7 17. Bf3 Nc8 18. Bf4 h6 19. h3 g5 20. Bh2 h5 21. e5 dxe5 22.
Rfe1 Qd8 23. Rxe5 Rb4 24. Rxe8+ Qxe8 25. d6 g4 26. hxg4 hxg4 27. Bb7 Nb6 28.
Bxa6 Nh5 29. Qd2 g3 30. fxg3 Rd4 31. Qe2 Qe5 32. g4 Qxe2 33. Bxe2 Bxg4 34. Bxg4
Rxg4 35. Nc6 Nf6 36. Rd1 Nfd7 37. Rd2 Rg6 38. Ne7+ Kf8 39. Nxg6+ fxg6 40. Kf1
Ke8 41. Nb5 Nc4 42. Re2+ Kd8 43. b3 Nce5 44. Nc7 Kc8 45. Ne6 Ng4 46. Bg1 Be5
47. Nxc5 Bxd6 48. Nxd7 Kxd7 49. Ra2 Nf6 50. Ra7+ Ke6 51. Ra6 Kd5 52. Ke2 Ne4
53. Kd3 Nf6 54. Ra5+ Kc6 55. Rg5 Nd5 56. Be3 Ne7 57. Ke4 Bb4 58. Bd4 Bd2 59.
Rc5+ Kd7 60. Bf6 1-0

[Event "Chigorin Memorial"]
[Site "St Petersburg"]
[Date "2016.10.20"]
[Round "6.116"]
[White "Pogosian, Vladimir"]
[Black "Shirshov, Nikolay"]
[Result "0-1"]
[WhiteElo "2159"]
[BlackElo "1945"]
[PlyCount "96"]
[EventDate "2016.10.15"]
[EventType "swiss"]
[EventRounds "9"]
[EventCountry "RUS"]

1. e4 c5 2. Ne2 Nc6 3. g3 g6 4. c3 Bg7 5. Bg2 e5 6. d3 Nge7 7. Nd2 O-O 8. Qc2
d5 9. h3 d4 10. O-O dxc3 11. bxc3 b6 12. Nf3 Ba6 13. Rd1 Qc7 14. Bb2 Rfd8 15.
Rac1 Bh6 16. Rb1 Qd7 17. Ne1 Rac8 18. f4 exf4 19. Nxf4 Bg7 20. Nd5 Nxd5 21.
exd5 Ne5 22. c4 b5 23. cxb5 Bxb5 24. Qf2 Re8 25. Ba1 a6 26. g4 c4 27. dxc4 Nxc4
28. Bxg7 Kxg7 29. Qd4+ Kg8 30. Nd3 Ne3 31. Rd2 Nxg2 32. Rxg2 Rc4 33. Qf6 Qxd5
34. Nf4 Qc5+ 35. Kh2 Qc7 36. Rf2 Ree4 37. Rd1 Re8 38. Kg3 Rc6 39. Qg5 Rc5 40.
Rd5 Rxd5 41. Qxd5 Bc4 42. Qg5 Re5 43. Qf6 g5 44. Rc2 gxf4+ 45. Kh4 Re6 46. Qg5+
Rg6 47. Qf5 Rh6+ 48. Kg5 Qd8+ 0-1